书目信息 |
| 题名: |
建设工程监理案例分析历年真题押题模拟卷
|
|
| 作者: | ;全国监理工程师执业资格考试命题研究中心 主编 | |
| 分册: | ||
| 出版信息: | 南京 东南大学出版社 2018.01 |
|
| 页数: | 全一册 | |
| 开本: | 28cm | |
| 丛书名: | ||
| 单 册: | ||
| 中图分类: | TU712.2 | |
| 科图分类: | ||
| 主题词: | 建筑工程--施工管理 | |
| 电子资源: | ||
| ISBN: | 7-5641-7458-7 | |
| 000 | 00908nam0 2200217 450 | |
| 001 | 2462882984 | |
| 005 | 20241203173020.27 | |
| 010 | @a7-5641-7458-7@dCNY35.00 | |
| 100 | @a20241203d2018 km y0chiy0120 ea | |
| 101 | 0 | @achi |
| 102 | @aCN@b320000 | |
| 102 | @aCN | |
| 102 | @aCN@b320000 | |
| 200 | 1 | @a建设工程监理案例分析历年真题押题模拟卷@AJian She Gong Cheng Jian Li An Li Fen Xi Li Nian Zhen Ti Ya Ti Mo Ni Juan@f全国监理工程师执业资格考试命题研究中心主编@FQuan Guo Jian Li Gong Cheng Shi Zhi Ye Zi Ge Kao Shi Ming Ti Yan Jiu Zhong Xin Zhu Bian |
| 210 | @a南京@c东南大学出版社@d2018.01 | |
| 215 | @a全一册@d28cm | |
| 606 | 0 | @a建筑工程@x施工管理 |
| 690 | @aTU712.2@v4 | |
| 711 | 02 | @a全国监理工程师执业资格考试命题研究中心@AQuan Guo Jian Li Gong Cheng Shi Zhi Ye Zi Ge Kao Shi Ming Ti Yan Jiu Zhong Xin@4主编 |
| 801 | 0 | @aCN@b大连网信软件有限公司图书馆·11@c20241203 |
| 905 | @aZUCC@dTU712.2@e2280 | |
| 建设工程监理案例分析历年真题押题模拟卷/全国监理工程师执业资格考试命题研究中心主编.-南京:东南大学出版社,2018.01 |
| 全一册;28cm |
| ISBN 7-5641-7458-7:CNY35.00 |
| ● |
| 相关链接 |
|
|
|
|
正题名:建设工程监理案例分析历年真题押题模拟卷
索取号:TU712.2/2280
 
预约/预借
| 序号 | 登录号 | 条形码 | 馆藏地/架位号 | 状态 | 备注 |
| 1 | 1428232 | 214282328 | 密集书库2/ [索取号:TU712.2/2280] | 在馆 | |
| 2 | 1428233 | 214282337 | 密集书库2/ [索取号:TU712.2/2280] | 在馆 | |
| 3 | 1428234 | 214282346 | 密集书库2/ [索取号:TU712.2/2280] | 在馆 | |
| 4 | 1428235 | 214282355 | 密集书库2/ [索取号:TU712.2/2280] | 在馆 |